Population characteristics of the Commonwealth countries of tropical Africa / (Record no. 35675)
[ view plain ]
| 000 -LEADER | |
|---|---|
| fixed length control field | 01076nam a22003011 4500 |
| 001 - CONTROL NUMBER | |
| control field | 35675 |
| 003 - CONTROL NUMBER IDENTIFIER | |
| rucl marc code | BD-RjUL |
| 005 - DATE AND TIME OF LATEST TRANSACTION | |
| control field | 20211209052348.0 |
| 008 - FIXED-LENGTH DATA ELEMENTS--GENERAL INFORMATION | |
| fixed length control field | 140529s1963 enk b 001 0 eng |
| 035 ## - SYSTEM CONTROL NUMBER | |
| System control number | (BD-RjUL)35770 |
| System control number | (OCoLC)5766671 |
| 040 ## - CATALOGING SOURCE | |
| Original cataloging agency | DLC |
| Transcribing agency | NIC |
| Modifying agency | OCoLC |
| -- | Uk |
| -- | OCoLC |
| -- | DLC |
| -- | BD-RjUL |
| Language of cataloging | eng |
| 041 ## - LANGUAGE CODE | |
| Language code of text/sound track or separate title | eng |
| 082 ## - DEWEY DECIMAL CLASSIFICATION NUMBER | |
| Classification number | 306.4 |
| Author mark and year | SMP 1963 |
| 100 1# - MAIN ENTRY--PERSONAL NAME | |
| Personal name | Smith, T. E. |
| Fuller form of name | (Thomas Edward), |
| Dates associated with a name | 1916- |
| 9 (RLIN) | 108264 |
| 245 10 - TITLE STATEMENT | |
| Title | Population characteristics of the Commonwealth countries of tropical Africa / |
| Statement of responsibility, etc. | by T.E. Smith and J.G.C. Blacker. |
| 260 ## - PUBLICATION, DISTRIBUTION, ETC. (IMPRINT) | |
| Place of publication, distribution, etc. | London : |
| Name of publisher, distributor, etc. | Published for the Institute of Commonwealth Studies, Athlone Press, |
| Date of publication, distribution, etc. | 1963. |
| 300 ## - PHYSICAL DESCRIPTION | |
| Pagination | 72 p. ; |
| Size | 22 cm. |
| 490 1# - SERIES STATEMENT | |
| Series statement | University of London. Institute of Commonwealth Studies. Commonwealth papers, |
| Volume/sequential designation | 9 |
| 504 ## - BIBLIOGRAPHY, ETC. NOTE | |
| Bibliography, etc | Bibliographical footnotes. |
| 651 #0 - SUBJECT ADDED ENTRY--GEOGRAPHIC NAME | |
| Geographic name | Africa, West |
| General subdivision | Population. |
| 9 (RLIN) | 108671 |
| Geographic name | Tanzania |
| General subdivision | Population. |
| 9 (RLIN) | 108672 |
| Geographic name | Uganda |
| General subdivision | Population. |
| 9 (RLIN) | 108673 |
| 700 1# - ADDED ENTRY--PERSONAL NAME | |
| Personal name | Blacker, J. G. C. |
| 942 ## - ADDED ENTRY ELEMENTS (KOHA) | |
| Source of classification or shelving scheme | Dewey Decimal Classification |
| Koha item type | Books |
| Lost status | Source of classification or shelving scheme | Damaged status | Not for loan | Collection code | Permanent Location | Current Location | Shelving location | Date acquired | Total Checkouts | Full call number | Date last seen | Copy number | Koha item type | Source of acquisition | Cost, normal purchase price |
|---|---|---|---|---|---|---|---|---|---|---|---|---|---|---|---|
| Dewey Decimal Classification | Not For Loan | Non-fiction | Central Library, University of Rajshahi | Central Library, University of Rajshahi | Reading Room | 29/05/2014 | 306.4066 SMP 1963 | 29/05/2014 | C-1 | Books | |||||
| Dewey Decimal Classification | Non-fiction | Central Library, University of Rajshahi | Central Library, University of Rajshahi | Reading Room | 29/05/2014 | 306.4066 SMP 1963 | 29/05/2014 | C-2 | Books | ||||||
| Dewey Decimal Classification | Non-fiction | Central Library, University of Rajshahi | Central Library, University of Rajshahi | 20/02/1965 | 306.4 SMP 1963 | 31/05/2014 | C-3 | Books | zeetlinger | 20.00 |